| 000 | 00829cam a2200217 4500 | ||
|---|---|---|---|
| 008 | 020208n2002 000 0 eng u | ||
| 035 | _a(Sirsi) u116657 | ||
| 100 | _aThompson, G | ||
| 245 | _aEurope's top 500 | ||
| 260 | _c2002 | ||
| 490 |
_aBuilding _v267(8216) 11 January 2002, 50-61(13) |
||
| 520 | _aProfiles of the three biggest European firms; Vinci, Bouygues and Hochtief. Examines how these continue to remain at the top of the European league and well ahead of UK firms. Includes definitive league table of the top 300 contractors and 200 building materials producers in Europe. Tables. | ||
| 590 | _aABS | ||
| 650 | _aBUILT ENVIRONMENT | ||
| 650 | _aBUILDING CONTRACTORS | ||
| 650 | _aBUILDING MATERIAL PRODUCERS | ||
| 650 | _aRANKINGS | ||
| 650 | _aCONSTRUCTION FIRMS | ||
| 690 | _aEUROPE | ||
| 942 | _n0 | ||
| 999 |
_c69473 _d69473 |
||